000 00463nam a22001457a 4500
003 SGT
082 _a617.632
_bC23G
100 _aGoyal, Madhur
245 _aComparative evaluation of stability and Bone Mineral Density at Bone Implant interface with and without 1% Metformin Gel-A Clinical and Radiographic study
260 _aGurugram, Haryana
_bSGT University
_c2023
300 _a80
650 _aPeriodontology
653 _aPeriodontology
942 _2ddc
_cTH
999 _c23723
_d23723